| 000 | 02090cam a22005174i 4500 | ||
|---|---|---|---|
| 003 | PE-LiUPU | ||
| 005 | 20250731173314.0 | ||
| 008 | 150616s r 000 0 d | ||
| 020 | _a8470201034 | ||
| 035 | _a(Sirsi) i9788470201035 | ||
| 040 |
_aPE-LiUPU _bspa _cPE-LiUPU _erda |
||
| 049 | _aPRUA | ||
| 082 | 0 | 4 |
_b1 _221 |
| 100 | 1 |
_aGarcía Hernando, Julian, _eautor. |
|
| 245 | 1 | 0 |
_aPluralismo religioso en España: Confesiones cristianas. _n1. |
| 264 | 1 |
_aMadrid : _bSociedad de Educación Atenas, _c1981. |
|
| 300 |
_a374 páginas ; _c19 centímetros |
||
| 336 |
_atext _2rdacontent |
||
| 337 |
_aunmediated _2rdamedia |
||
| 338 |
_avolume _2rdacarrier |
||
| 490 | 0 |
_aTemas Vivos ; _v56 |
|
| 504 | _aIncluye bibliografía. | ||
| 505 | 0 | _aIglesias con miembros extranjeros -- Iglesia con feligresía española: -Iglesias reformadas -- Iglesias bautistas -- Iglesias pentecostales -- Iglesias denominadas ortodoxas -- Iglesias de hermanos -- Iglesias adventistas -- Iglesias independientes. | |
| 526 | _aSEG42 | ||
| 526 | _aSEG41 | ||
| 526 | _aSEG40 | ||
| 526 | _aSEG39 | ||
| 526 | _aP94 | ||
| 526 | _aP87 | ||
| 526 | _aP86 | ||
| 526 | _aP85 | ||
| 526 | _aP77 | ||
| 526 | _aP76 | ||
| 526 | _aP35 | ||
| 650 | 0 | 4 | _aRELIGIONES CRISTIANAS. |
| 910 |
_ajck _bjvq _cjck |
||
| 942 |
_2ddc _cBOOK |
||
| 949 |
_a291 G25 1 _wDEWEY _c1 _i26530 _lCCODEBUL1 _mBUL _r0 _sY _tBOOK _u2015-4-23 _xTEOLOGIA _zUNKNOWN _0COMPRA _o.STAFF. Colección General |
||
| 949 |
_a291 G25 1 _wDEWEY _c2 _i21976 _lCCODEBUL1 _mBUL _r0 _sY _tBOOK _u2015-6-16 _xTEOLOGIA _zUNKNOWN _0COMPRA _o.STAFF. Colección General |
||
| 994 |
_aC0 _bPEPRU |
||
| 596 | _a1 | ||
| 999 |
_a291 G25 1 _wDEWEY _c45479 _i26530 _d45479 _f2021-11-11 _g5 _lCCODEBUL1 _mBUL _q1 _r0 _sY _tBOOK _u2015-4-23 _xTEOLOGIA _zUNKNOWN _0COMPRA _o.STAFF. Colección General |
||
| 999 |
_a291 G25 1 _wDEWEY _c2 _i21976 _f2021-11-11 _g5 _lCCODEBUL1 _mBUL _r0 _sY _tBOOK _u2015-6-16 _xTEOLOGIA _zUNKNOWN _0COMPRA _o.STAFF. Colección General |
||
| 980 |
_81 _gALBERTO SANCHEZ Responsable de Automatización |
||